El cielo protector (Registro nro. 17900)

Detalles MARC
000 -CABECERA
Longitud fija campo de control 00795cam a22002533a 4500
003 - IDENTIFICADOR DELl NÚMERO DE CONTROL
Identificador del número de control OSt
005 - FECHA Y HORA DE LA ÚLTIMA TRANSACCIÓN
Fecha y hora de la última transacción 20150318213002.0
008 - CÓDIGOS DE INFORMACIÓN DE LONGITUD FIJA
Códigos de información de longitud fija 960717q1992 xx 000 0deng
020 ## - NÚMERO INTERNACIONAL NORMALIZADO PARA LIBROS
Número Internacional Normalizado para Libros (ISBN) 84-473-0014-5
040 ## - FUENTE DE LA CATALOGACIÓN
Centro transcriptor BMC
082 ## - NÚMERO DE LA CLASIFICACIÓN DECIMAL DEWEY
Númeroo de clasificación 813.5
100 1# - PUNTO DE ACCESO PRINCIPAL-NOMBRE DE PERSONA
9 (RLIN) 30932
Nombre de persona Bowles, Paul
Fechas asociadas al nombre 1910-1999
245 14 - MENCIÓN DE TÍTULO
Título El cielo protector
Mención de responsabilidad, etc. Paul Bowles ; traducción de, Aurora Bernárdez
260 ## - PUBLICACIÓN, DISTRIBUCIÓN, ETC. (PIE DE IMPRENTA)
Lugar de publicación, distribución, etc. Barcelona
Nombre del editor, distribuidor, etc. RBA
Fecha de publicación, distribución, etc. 1992
300 ## - DESCRIPCIÓN FÍSICA
Extensión 284 p.
Dimensiones 21 cm
490 ## - MENCIÓN DE SERIE
Mención de serie Narrativa actual
Designación de volumen o secuencia 15
595 ## - NOTA DE EDICIÓN E HISTORIA BIBLIOGRÁFICA
Nota de edición e historia bibliográfica Traducción de: The sheltering sky
650 24 - PUNTO DE ACCESO ADICIONAL DE MATERIA - TÉRMINO DE MATERIA
9 (RLIN) 17595
Término de materia o nombre geográfico como elemento inicial Novela norteamericana
655 #7 - TÉRMINO DE INDIZACIÓN - GÉNERO/FORMA
Datos o término principal de género/forma Theater programs
Subdivisión geográfica Washington (D.C.)
Fuente del término rbgenr
655 #7 - TÉRMINO DE INDIZACIÓN - GÉNERO/FORMA
Datos o término principal de género/forma Theater programs
Subdivisión cronológica 1962.
Fuente del término rbgenr
752 ## - PUNTO DE ACCESO ADICIONAL - NOMRE JER´RQUICO DE LUGAR
País o entidad superior United States
Jurisdicción política de primer nivel District of Columbia
Ciudad Washington.
700 1# - PUNTO DE ACCESO ADICIONAL - NOMBRE DE PERSONA
9 (RLIN) 5133
Nombre de persona Bernárdez, Aurora
942 ## - ENTRADA DE ELEMENTOS AGREGADOS (KOHA)
Fuente de clasificaión o esquema Dewey Decimal Classification
Koha [por defecto] tipo de item 1- Monografias
Existencias
Suprimido Perdido Fuente de clasificación o esquema Estropeado Restricciones de uso No para préstamo Código de colección Localización permanente Localización actual Localización en estanter&íacute;as Fecha adquisición Fuente de adquisición Número de inventario Préstamos totales Renovaciones totales Signatura completa Código de barras Fecha última consulta Fecha último préstamo Coste, precio reemplazado Fecha del precio de reemplazo Tipo de item de Koha
NULL NULL Dewey Decimal Classification NULL Prestable NULL NULL Biblioteca Miguel de Cervantes - UNICAES Biblioteca Miguel de Cervantes - UNICAES Sala Principal 02/02/2015 Donación - Romeo Tovar Astorga 027477 1 1 N BOW cie 1027887 11/06/2016 13/05/2016 10.02 02/02/2015 1- Monografias